Matemática III

Bibliographic Details
Main Author: Walsh Mendoza, Carlos
Format: Section = Libro
Language:Undetermined
Spanish
Published: Managua UNI 2010
Subjects:
LEADER 00467nam a2200193Ia 4500
008 240829s9999 xx 000 0 und d
040 |a BIBLIOTECA-RUSB/ 515 W223 
041 |a spa 
082 |a 515 W223 
100 1 |a Walsh Mendoza, Carlos 
245 1 0 |a Matemática III 
260 |a Managua  |b UNI  |c 2010 
300 |a 241 p. :il. 
650 7 |a CALCULO DIFERENCIAL 
650 7 |b  INTEGRALES 
650 7 |c  ANALISIS VECTORIAL 
942 |c BK  |2 ddc 
991 |a TEXTO 
999 |c 1624